Castellano 4

Saved in:
書目詳細資料
Main Authors: Trenqualye Howard, Isabelle de (Author), Domínguez Hamilton, Ana María (Author)
格式: 圖書
語言:西班牙语
出版: Santiago Universitaria 1995
主題:
標簽: 添加標簽
沒有標簽, 成為第一個標記此記錄!

MARC

LEADER 00000nam a2200000 a 4500
001 UCL6001
003 CL-VaPUC
008 040326e19950000CL |||||||||||||||||spa|d
020 |a 9561112221 
082 0 4 |a 372.6  |b TRE  |2 21 
100 0 |a Trenqualye Howard, Isabelle de  |e author  |9 483751 
700 0 |a Domínguez Hamilton, Ana María  |e author  |9 483752 
245 1 0 |a Castellano 4 
300 |a 160 p 
942 |c BK 
945 |d 20040326 00:00:00  |a cmena 
260 |a Santiago  |b Universitaria  |c 1995 
650 0 |a Educación lingüística  |9 306506 
650 0 |a Educación básica   |9 224933 
650 0 |a Libros de texto  |9 270019 
650 0 |a Métodos de enseñanza  |9 270413 
583 |a last modification  |c 20040326 00:00:00  |k Rodrigo Vera 
999 |c 308311  |d 308309 
952 |0 0  |1 0  |4 0  |6 372_600000000000000_TRE_1995  |7 0  |8 P  |9 374687  |a BIBEDU  |b BIBEDU  |c BIBEDU_PB  |d 2019-11-21  |i 3998800  |o 372.6 TRE 1995  |p 3998800  |r 2024-01-25  |w 2019-11-21  |y BK  |k EBA